00707nam a2200229Ia 4500008004100000020001500041040001800056041000800074100002100082245006800103260004800171300001800219490003200237504002800269650001800297650002400315650002400339650001600363700003100379700003200410765003500442130821s2002 sp gr spa  a8477389586 aCo-BoUCMbspa00aspa1 aBlumenberg, Hans13aLa posibilidad de comprenderse obra póstumacHans Blumenberg aMadrid (España)bEditorial Sintesisc2002 a171 páginas aColección Perspectivasv2 aIncluye bibliografía.04aComprensión04aFilosofía alemana04aFilosofía moderna04aFilosofía1 aGonzález, Césaretrad.1 aInnerarity, Danielepról. aEin Mogliches selbstvertandnis